00998nam a2200253 a 450000100100000000500170001000800410002704000250006808200190009310000370011224501040014925000110025326000560026430000210032049000430034150000690038465000250045365000300047870000370050883000500054504900090059595201230060499900170072700001938220200929170013.0100628s1973 ag r 000 f spa d aDO-SdBNPbspacBNPHU a842.914bC668m1 aCocteau, Jean,d1889-196391343014aLos monstruos sagrados, la máquina de escribir /cJean Cocteau ; traducción Aurora bernárdez. a4a ed. aBuenos Aires, Argentina :bEditorial Losada,c1973. a174 p. ;c18 cm.1 aBiblioteca clásica y contemporánea aIncluye referencia biográfica del autor en la contra cubierta. 4aTeatro frances95359 4aLiteratura francesa910741 aBernárdez, Aurora,etr.913434 0aBiblioteca clásica y contemporánea913431 aBNGR 001054708MOaGRbGRcCTd2010-06-28iLF1l0o842.914 C668mp19382-10r2020-06-25w2020-06-25y4ZPréstamo en sala c18899d18899